000 00525nam a2200205Ia 4500
999 _c4262
_d4262
003 0100
008 130227s9999 xx 000 0 und d
040 _cARRUPELIB
050 _aGN652.M35A4713 1998
100 _aAmselle, Jean-Loup
_938048
245 _aMestizo logics:
_banthropology of identity in Africa and elsewhere /
260 _aStanford, California
_bStanford University Press
_c1998
300 _axvii
300 _b 207p. 23cm.
650 _aEthnology
_zMali
_938049
650 _aGuinea
_xHistory
_938050
650 _aMali
_xHistory
_938051
650 _aEthnology
_zGuinea
_938052
650 _aEthnicity
_xPhilosophy
_936302
700 _aRoyal, Claudia tr.
_938053
942 _2lcc
_cMONOGRAPH